000 00408 a2200145 4500
001 177402
020 _a
040 _cMagnum
100 _aAzevedo, Eglom de
240 1 0 _aGeografia: interagindo na europa, asia, africa, oceania e regioes pol.
_lpor
245 1 0 _aGeografia: interagindo na europa, asia, africa, oceania e regioes pol.
362 0 _a1899
697 _aMAGNITO: PARADIDATICO
942 _cBK
999 _c177402
_d177402